Statistiche per Riconosci la Squadra di calcio - Quiz n°170

Clicka qui per fare il quiz!

Statistiche generali

  • Questo quiz è stato fatto 3 volte
  • Il punteggio medio è 5 su 9

Statistiche sulle risposte

IndizioRisposta% Corretto
Colori socialiBianco, nero
100%
Trofei nazionali1 Coppa del Paraguay
1 Supercoppa del Paraguay
67%
Trofei internazionali3 Coppe Libertadores
2 Recope Sudamericane
1 Coppe Intercontinentali
1 Supercoppa Sudamericana
1 Copa Interamericana
67%
Divisione nazionale 2023-2024Prima
67%
Fondazione1902
33%
Capienza Stadio22 000 posti
33%
Titoli nazionali46 Campionati paraguaiani
33%
SquadraClub Olimpia
33%
ConfederazioneCONMEBOL
33%

Distribuzione punteggi

Percentile per numero di risposta

Percentuale di utenti per punteggio

I tuoi punteggi nel tempo

Non hai fatto questo quiz